_Statistics for Business&Economics (Record no. 13651)
[ view plain ]
| 000 -LEADER | |
|---|---|
| fixed length control field | 00417nam a2200145Ia 4500 |
| 008 - FIXED-LENGTH DATA ELEMENTS--GENERAL INFORMATION | |
| fixed length control field | 151021s9999 xx 000 0 und d |
| 020 ## - INTERNATIONAL STANDARD BOOK NUMBER | |
| International Standard Book Number | 9.780558766e+012 |
| 050 ## - LIBRARY OF CONGRESS CALL NUMBER | |
| Classification number | HF 1017.M36 2011 |
| 245 ## - TITLE STATEMENT | |
| Title | _Statistics for Business&Economics |
| 260 ## - PUBLICATION, DISTRIBUTION, ETC. (IMPRINT) | |
| Place of publication, distribution, etc. | New York Learning solutions 2011 |
| 300 ## - PHYSICAL DESCRIPTION | |
| Extent | xx,842p. |
| 650 ## - SUBJECT ADDED ENTRY--TOPICAL TERM | |
| Topical term or geographic name as entry element | _statistics business |
| 700 ## - ADDED ENTRY--PERSONAL NAME | |
| Personal name | _P.George Benson |
| 980 ## - EQUIVALENCE OR CROSS-REFERENCE-SERIES STATEMENT--PERSONAL NAME/TITLE [LOCAL, CANADA] | |
| Personal name | ^d20130523 08:53:08^oanne |
No items available.